Catalunya en xifres : 2 / elaboració: Joaquim Capellades [et al] ; coordinador: Antoni Flos 2 / elaboració:
Descripción Física:
305 p. ; 31 cm
Materias:
Catalunya -- Estadístiques
MARC
| LEADER | 00000nam a2200000Ia 4500 | ||
|---|---|---|---|
| 001 | 2357 | ||
| 008 | 160829s1982 xx 000 0 cat d | ||
| 080 | |a FOL-1-126 | ||
| 245 | |a Catalunya en xifres : |b 2 / elaboració: |b Joaquim Capellades [et al] ; coordinador: |b Antoni Flos | ||
| 260 | |a Barcelona : |b Consorci d'Informació i Documentació de Catalunya, |c 1982 | ||
| 300 | |a 305 p. ; |c 31 cm | ||
| 651 | 0 | |a Catalunya |v Estadístiques |9 55591 | |
| 700 | |a Capellades, Joaquim |9 35616 | ||
| 700 | 1 | |a Flos, Antoni |9 35617 | |
| 710 | 2 | |a Consorci d'Informació i Documentació de Catalunya |9 54862 | |
| 901 | |a Arxiu | ||
| 942 | |n 1 | ||
| 952 | |0 0 |1 0 |4 0 |6 FOL1126 |7 1 |9 46993 |a Arxiu |b Arxiu |d 2016-12-01 |l 0 |o FOL-1-126 |p 2357 |r 2016-12-01 00:00:00 |w 2016-12-01 |y ARXIU | ||
| 999 | |c 50786 |d 50786 | ||